Detalles MARC
| 000 -LEADER |
| fixed length control field |
01055nam a2200337 b 4500 |
| 001 - CONTROL NUMBER |
| control field |
|
| 003 - CONTROL NUMBER IDENTIFIER |
| control field |
DO-SdBNP |
| 005 - DATE AND TIME OF LATEST TRANSACTION |
| control field |
20180125095244.0 |
| 008 - FIXED-LENGTH DATA ELEMENTS--GENERAL INFORMATION |
| fixed length control field |
990323s 2009 sp | ||| ||spa |
| 016 7# - NATIONAL BIBLIOGRAPHIC AGENCY CONTROL NUMBER |
| Record control number |
|
| Source |
BPMSU |
| 017 ## - COPYRIGHT OR LEGAL DEPOSIT NUMBER |
| Copyright or legal deposit number |
|
| Assigning agency |
|
| 020 ## - INTERNATIONAL STANDARD BOOK NUMBER |
| International Standard Book Number |
8489384177 |
| 040 ## - CATALOGING SOURCE |
| Original cataloging agency |
BPMSU |
| Language of cataloging |
spa |
| Transcribing agency |
BPMSU |
| Description conventions |
|
| 041 1# - LANGUAGE CODE |
| Language code of text/sound track or separate title |
spa |
| Language code of original |
|
| 080 #0 - UNIVERSAL DECIMAL CLASSIFICATION NUMBER |
| Universal Decimal Classification number |
|
| 092 ## - LOCALLY ASSIGNED DEWEY CALL NUMBER (OCLC) |
| Classification number |
xxxxx |
| Item number |
xxxxx |
| 100 1# - MAIN ENTRY--PERSONAL NAME |
| Personal name |
Colomer, Teresa, |
| Dates associated with a name |
1951- |
| 240 13 - UNIFORM TITLE |
| Uniform title |
<a href="La formació del lector literari">La formació del lector literari</a> |
| Language of a work |
Español |
| 245 13 - TITLE STATEMENT |
| Title |
La formación del lector literario : |
| Remainder of title |
narrativa infantil y juvenil actual / |
| Statement of responsibility, etc. |
versión en castellano, Teresa Colomer. |
| Medium |
|
| 250 ## - EDITION STATEMENT |
| Edition statement |
2a. ed. |
| 260 ## - PUBLICATION, DISTRIBUTION, ETC. (IMPRINT) |
| Place of publication, distribution, etc. |
Madrid : |
| Name of publisher, distributor, etc. |
Fundación Germán Sánchez Ruipérez, |
| Date of publication, distribution, etc. |
2008. |
| 300 ## - PHYSICAL DESCRIPTION |
| Extent |
367 p. ; |
| Dimensions |
23 cm |
| 490 1# - SERIES STATEMENT |
| Series statement |
El árbol de la memoria |
| 500 ## - GENERAL NOTE |
| General note |
Incluye índice analítico |
| 504 ## - BIBLIOGRAPHY, ETC. NOTE |
| Bibliography, etc |
Bibliografía : p. 340-359 |
| 650 #7 - SUBJECT ADDED ENTRY--TOPICAL TERM |
| Topical term or geographic name as entry element |
Literatura infantil |
| General subdivision |
Historia y crítica |
| Source of heading or term |
|
| 830 #0 - SERIES ADDED ENTRY--UNIFORM TITLE |
| Uniform title |
El árbol de la memoria |
| 942 ## - ADDED ENTRY ELEMENTS (KOHA) |
| Source of classification or shelving scheme |
Dewey Decimal Classification |
| Koha item type |
Libros |
| 945 ## - LOCAL PROCESSING INFORMATION (OCLC) |
| a |
Inventariado, 2018 /LP |
| 956 ## - LOCAL ELECTRONIC LOCATION AND ACCESS (OCLC) |
| Host name |
VMATEO |
| Access number |
20170113 |
| Access method |
10 |
| Linkage |
BPMSU |